廃止された市 - Statistics

General Stats
  • This quiz has been taken 85 times
  • The average score is 88 of 265
Answer Stats
廃止年月日 理由 都道府県 Answer % Correct
2001-05-01 新設合併 埼玉県 大宮市
70%
2001-05-01 新設合併 埼玉県 浦和市
68%
2003-04-01 新設合併 静岡県 清水市
67%
2005-04-01 編入合併 埼玉県 岩槻市
65%
1931-04-01 編入合併 京都府 伏見市
61%
1971-04-29 新設合併 新潟県 高田市
60%
2001-05-01 新設合併 埼玉県 与野市
60%
放棄 樺太庁 豊原市
60%
1963-02-10 新設合併 福岡県 若松市
58%
1963-02-10 新設合併 福岡県 門司市
56%
1963-02-10 新設合併 福岡県 小倉市
56%
1963-02-10 新設合併 福岡県 八幡市
56%
1943-07-01 都制 東京府 東京市
53%
1944-04-01 | 2003-04-21 新設合併 山口県 徳山市
53%
1963-02-10 新設合併 福岡県 戸畑市
51%
2004-10-12 新設合併 鹿児島県 川内市
51%
2005-03-22 新設合併 山口県 小野田市
51%
2006-02-20 新設合併 岩手県 水沢市
51%
2006-02-20 新設合併 岩手県 江刺市
51%
2011-10-11 編入合併 埼玉県 鳩ヶ谷市
51%
2006-03-20 新設合併 栃木県 今市市
49%
1971-04-29 新設合併 新潟県 直江津市
47%
1974-04-01 新設合併 沖縄県 コザ市
47%
1995-09-01 新設合併 東京都 田無市
47%
2005-04-01 新設合併 沖縄県 石川市
47%
2005-10-11 新設合併 鹿児島県 串木野市
47%
2006-03-27 新設合併 福岡県 山田市
47%
2007-07-01 編入合併 静岡県 天竜市
47%
2007-07-01 編入合併 静岡県 浜北市
47%
2005-02-11 新設合併 滋賀県 八日市市
46%
2005-04-01 編入合併 新潟県 新津市
46%
2005-10-01 新設合併 埼玉県 上福岡市
46%
1966-10-01 新設合併 福島県 平市
44%
1995-09-01 新設合併 東京都 保谷市
44%
2003-04-21 新設合併 山口県 新南陽市
44%
2004-03-01 新設合併 新潟県 両津市
44%
2004-08-01 新設合併 長崎県 福江市
44%
2005-01-01 新設合併 栃木県 黒磯市
44%
2006-03-31 新設合併 宮城県 古川市
44%
1944-04-01 | 2005-10-01 新設合併 山口県 山口市
42%
1967-02-01 新設合併 大阪府 布施市
42%
2005-03-22 新設合併 秋田県 大曲市
42%
2005-11-01 新設合併 富山県 新湊市
42%
1943-05-27 新設合併 京都府 東舞鶴市
40%
1956-04-01 | 1967-02-01 新設合併 岡山県 児島市
40%
2003-04-01 新設合併 静岡県 静岡市
40%
2004-11-01 新設合併 愛媛県 西条市
40%
2005-05-01 新設合併 和歌山県 田辺市
40%
1933-04-01 新設合併 滋賀県 大津市
39%
1946-03-01 新設合併 兵庫県 姫路市
39%
2004-11-01 新設合併 三重県 上野市
39%
2005-03-28 新設合併 群馬県 太田市
39%
2006-03-06 新設合併 山口県 萩市
39%
1946-03-01 新設合併 兵庫県 飾磨市
37%
1966-05-01 新設合併 広島県 福山市
37%
1967-04-29 新設合併 鹿児島県 鹿児島市
37%
2005-02-01 新設合併 石川県 松任市
37%
2005-02-13 新設合併 山口県 下関市
37%
2005-02-28 新設合併 栃木県 佐野市
37%
2005-03-22 新設合併 秋田県 本荘市
37%
2005-10-01 新設合併 福井県 武生市
37%
2005-10-01 新設合併 兵庫県 龍野市
37%
2005-10-01 新設合併 島根県 大田市
37%
2006-01-01 新設合併 三重県 津市
37%
2006-01-01 編入合併 新潟県 栃尾市
37%
2006-01-10 編入合併 広島県 因島市
37%
2006-02-13 新設合併 滋賀県 長浜市
37%
2006-03-20 新設合併 栃木県 日光市
37%
2006-03-20 新設合併 山口県 岩国市
37%
2010-01-01 新設合併 福岡県 前原市
37%
1956-09-30 新設合併 長野県 飯田市
35%
1966-10-01 新設合併 福島県 勿来市
35%
1966-10-16 新設合併 長野県 長野市
35%
1966-11-01 新設合併 静岡県 富士市
35%
1967-02-01 新設合併 岡山県 玉島市
35%
1973-12-01 編入合併 北海道 亀田市
35%
1994-11-01 新設合併 茨城県 那珂湊市
35%
2003-09-01 新設合併 長野県 更埴市
35%
2004-03-01 新設合併 愛媛県 川之江市
35%
2004-10-01 新設合併 石川県 七尾市
35%
2005-03-22 新設合併 山口県 長門市
35%
2005-03-28 新設合併 茨城県 下館市
35%
2005-04-01 新設合併 青森県 青森市
35%
2005-04-01 編入合併 新潟県 白根市
35%
2005-04-01 編入合併 愛知県 尾西市
35%
2005-10-01 新設合併 佐賀県 佐賀市
35%
1954-09-01 編入合併 沖縄県 首里市
33%
1963-03-10 新設合併 大分県 大分市
33%
1963-04-01 | 2006-03-26 新設合併 福岡県 飯塚市
33%
1966-10-01 新設合併 福島県 磐城市
33%
1967-02-01 新設合併 大阪府 枚岡市
33%
1967-02-01 新設合併 岡山県 倉敷市
33%
1991-04-01 新設合併 岩手県 北上市
33%
1994-11-01 新設合併 茨城県 勝田市
33%
2004-04-01 新設合併 愛媛県 伊予三島市
33%
2004-04-01 新設合併 広島県 三次市
33%
2005-01-01 新設合併 佐賀県 唐津市
33%
2005-03-03 新設合併 大分県 佐伯市
33%
2005-03-31 新設合併 鳥取県 米子市
33%
2005-06-06 新設合併 岩手県 宮古市
33%
2005-08-01 新設合併 熊本県 八代市
33%
2005-10-01 新設合併 島根県 浜田市
33%
2005-11-01 新設合併 富山県 高岡市
33%
2005-11-07 新設合併 鹿児島県 国分市
33%
2006-01-01 新設合併 三重県 久居市
33%
2006-03-06 新設合併 長野県 上田市
33%
2006-03-20 新設合併 鹿児島県 名瀬市
33%
2006-03-27 新設合併 熊本県 牛深市
33%
2010-03-23 新設合併 埼玉県 久喜市
33%
2005-04-10 新設合併 高知県 中村市
33%
1943-05-27 新設合併 京都府 舞鶴市
32%
1965-05-01 新設合併 福島県 郡山市
32%
1969-02-18 編入合併 岡山県 西大寺市
32%
2004-11-01 新設合併 富山県 砺波市
32%
2005-01-01 編入合併 愛媛県 北条市
32%
2005-03-22 新設合併 島根県 平田市
32%
2005-03-31 新設合併 岡山県 新見市
32%
2005-04-01 新設合併 宮城県 石巻市
32%
2005-04-01 新設合併 富山県 富山市
32%
2005-08-01 新設合併 愛媛県 宇和島市
32%
2005-10-01 新設合併 埼玉県 熊谷市
32%
2005-11-01 新設合併 山梨県 塩山市
32%
2005-11-01 新設合併 三重県 伊勢市
32%
2005-11-07 新設合併 鹿児島県 加世田市
32%
2006-01-01 新設合併 福島県 原町市
32%
2006-01-10 新設合併 埼玉県 本庄市
32%
2006-01-23 新設合併 千葉県 八日市場市
32%
2006-02-01 新設合併 石川県 輪島市
32%
2006-02-27 新設合併 青森県 弘前市
32%
2006-03-06 新設合併 岩手県 久慈市
32%
2006-03-21 新設合併 秋田県 能代市
32%
2008-04-01 新設合併 新潟県 村上市
32%
2010-03-29 新設合併 栃木県 栃木市
32%
1955-01-01 | 2005-09-20 新設合併 岩手県 一関市
30%
1955-02-11 | 1966-11-01 新設合併 静岡県 吉原市
30%
1955-04-01 新設合併 岩手県 釜石市
30%
1966-10-16 新設合併 長野県 篠ノ井市
30%
2004-10-04 新設合併 山口県 光市
30%
2004-12-06 新設合併 三重県 桑名市
30%
2005-01-01 新設合併 青森県 十和田市
30%
2005-01-01 新設合併 群馬県 伊勢崎市
30%
2005-01-01 新設合併 大分県 臼杵市
30%
2005-01-11 新設合併 愛媛県 大洲市
30%
2005-01-16 新設合併 愛媛県 今治市
30%
2005-03-01 新設合併 長崎県 諫早市
30%
2005-03-22 新設合併 秋田県 男鹿市
30%
2005-03-22 新設合併 島根県 出雲市
30%
2005-03-28 新設合併 青森県 五所川原市
30%
2005-03-31 新設合併 島根県 松江市
30%
2005-04-01 新設合併 長野県 佐久市
30%
2005-04-01 新設合併 静岡県 磐田市
30%
2005-04-01 編入合併 新潟県 豊栄市
30%
2005-05-01 新設合併 新潟県 三条市
30%
2005-10-01 新設合併 秋田県 横手市
30%
2006-01-01 新設合併 岩手県 花巻市
30%
2006-01-01 新設合併 宮崎県 都城市
30%
2006-01-01 新設合併 鹿児島県 鹿屋市
30%
2006-02-11 新設合併 兵庫県 洲本市
30%
2006-03-01 新設合併 和歌山県 橋本市
30%
2006-03-27 新設合併 熊本県 本渡市
30%
2006-03-31 新設合併 富山県 黒部市
30%
2009-03-30 新設合併 宮崎県 日南市
30%
2010-03-23 新設合併 埼玉県 加須市
30%
1963-02-15 編入合併 愛知県 守山市
28%
1966-10-01 新設合併 福島県 常磐市
28%
2001-01-21 新設合併 東京都 秋川市
28%
2004-10-01 新設合併 岡山県 高梁市
28%
2004-11-01 新設合併 愛媛県 東予市
28%
2005-01-01 新設合併 三重県 松阪市
28%
2005-03-21 新設合併 福岡県 柳川市
28%
2005-03-31 新設合併 大分県 宇佐市
28%
2005-04-01 新設合併 埼玉県 秩父市
28%
2005-04-01 新設合併 沖縄県 具志川市
28%
2005-04-01 新設合併 新潟県 十日町市
28%
2005-04-01 新設合併 長野県 中野市
28%
2005-04-01 新設合併 兵庫県 豊岡市
28%
2005-09-12 新設合併 茨城県 古河市
28%
2005-10-01 新設合併 埼玉県 春日部市
28%
2005-10-01 新設合併 石川県 加賀市
28%
2005-10-01 新設合併 和歌山県 新宮市
28%
2005-11-01 新設合併 三重県 熊野市
28%
2006-01-01 新設合併 埼玉県 深谷市
28%
2006-01-04 新設合併 福島県 喜多方市
28%
2006-02-20 新設合併 群馬県 渋川市
28%
2006-03-13 新設合併 鹿児島県 出水市
28%
2006-03-18 新設合併 群馬県 安中市
28%
2006-03-20 新設合併 新潟県 燕市
28%
2006-03-20 新設合併 福岡県 甘木市
28%
2006-03-31 新設合併 宮城県 気仙沼市
28%
2008-03-21 新設合併 山口県 美祢市
28%
2008-11-01 新設合併 鹿児島県 大口市
28%
1955-04-01 新設合併 静岡県 富士宮市
26%
1967-02-01 新設合併 大阪府 河内市
26%
1988-03-01 編入合併 宮城県 泉市
26%
2005-01-11 新設合併 三重県 亀山市
26%
2005-03-19 新設合併 新潟県 糸魚川市
26%
2005-03-22 新設合併 秋田県 湯沢市
26%
2005-03-22 新設合併 岡山県 備前市
26%
2005-03-22 新設合併 広島県 三原市
26%
2005-03-22 新設合併 熊本県 菊池市
26%
2005-03-31 新設合併 広島県 庄原市
26%
2005-04-01 新設合併 静岡県 掛川市
26%
2005-09-01 新設合併 北海道 士別市
26%
2005-10-01 新設合併 長崎県 平戸市
26%
2005-10-01 新設合併 大分県 杵築市
26%
2005-10-03 新設合併 熊本県 玉名市
26%
2005-10-11 新設合併 北海道 釧路市
26%
2005-11-01 新設合併 山形県 酒田市
26%
2005-12-01 新設合併 福島県 二本松市
26%
2006-01-01 新設合併 岩手県 二戸市
26%
2006-01-01 新設合併 鹿児島県 指宿市
26%
2006-03-05 新設合併 北海道 北見市
26%
2006-03-27 新設合併 北海道 名寄市
26%
2006-03-27 新設合併 千葉県 佐原市
26%
1936-04-01 新設合併 兵庫県 尼崎市
25%
1954-07-01 新設合併 兵庫県 三木市
25%
1954-10-01 新設合併 栃木県 鹿沼市
25%
1963-03-10 新設合併 大分県 鶴崎市
25%
1966-05-01 新設合併 広島県 松永市
25%
2004-10-01 新設合併 鳥取県 安来市
25%
2004.10.25 新設合併 岐阜県 恵那市
25%
2005-03-22 新設合併 山梨県 山梨市
25%
2005-04-01 新設合併 和歌山県 海南市
25%
2005-04-01 新設合併 沖縄県 平良市
25%
2005-10-01 新設合併 山形県 鶴岡市
25%
2006-02-21 新設合併 山口県 柳井市
25%
2006-03-01 新設合併 佐賀県 武雄市
25%
2006-03-27 新設合併 群馬県 富岡市
25%
2010-03-21 新設合併 滋賀県 近江八幡市
25%
1957-12-17 編入合併 沖縄県 真和志市
23%
1966-10-01 新設合併 福島県 内郷市
23%
2003-04-01 新設合併 福岡県 宗像市
23%
2005-03-22 新設合併 茨城県 岩井市
23%
2005-03-22 新設合併 岡山県 総社市
23%
2005-03-22 新設合併 香川県 丸亀市
23%
2005-03-28 新設合併 愛媛県 八幡浜市
23%
2005-04-01 新設合併 愛媛県 伊予市
23%
2005-04-01 新設合併 大分県 竹田市
23%
2005-05-05 新設合併 静岡県 島田市
23%
2005-07-01 新設合併 千葉県 旭市
23%
2005-10-01 新設合併 茨城県 石岡市
23%
2005-10-11 新設合併 香川県 観音寺市
23%
2005-11-07 新設合併 福島県 白河市
23%
2006-03-31 新設合併 長野県 伊那市
23%
2005-02-11 新設合併 千葉県 鴨川市
21%
2005-04-01 新設合併 静岡県 袋井市
21%
2005-10-01 新設合併 岩手県 遠野市
21%
2006-01-01 新設合併 新潟県 五泉市
21%
2006-01-01 新設合併 長崎県 松浦市
21%
2006-03-19 新設合併 茨城県 笠間市
21%
1967-04-29 新設合併 鹿児島県 谷山市
19%
2005-01-15 新設合併 熊本県 山鹿市
19%
2005-10-01 新設合併 愛知県 新城市
19%
2005-10-01 新設合併 兵庫県 西脇市
19%
2006-03-20 新設合併 宮崎県 小林市
19%
1942-04-01 新設合併 大阪府 岸和田市
18%
2005-03-31 新設合併 大分県 豊後高田市
18%
1971-04-01 新設合併 北海道 滝川市
16%
1972-05-01 新設合併 千葉県 茂原市
14%
No matching quizzes found
Score Distribution
Percent of People with Each Score
Percentile by Number Answered
Your Score History
You have not taken this quiz